| 000 | 00943nam a2200253 i 4500 | ||
|---|---|---|---|
| 001 | 175694 | ||
| 003 | ES-MaACL | ||
| 005 | 20250830063318.0 | ||
| 007 | t| | ||
| 008 | 101117s1968 sp ||||1| spa d | ||
| 080 | _a27-726.25/.3 | ||
| 100 | 0 |
_aNicolau, Miguel. _985582 |
|
| 245 | 1 | 0 |
_aSacerdotes y religiosos según el Vaticano II _b: referencias al Motu Proprio "Ecclesiae Sanctae" y a la Encíclica "Sacerdotalis Caelibatus" / _cpor Miguel Nicolau, Paolo Dezza, Paolo Molinari. |
| 260 |
_aMadrid : _bRazón y Fe, _cimp. 1968. |
||
| 300 |
_aXVI, 401 p. ; _c23 cm. |
||
| 490 | 1 |
_aBiblioteca "Razón y Fe" de Teología ; _v14 |
|
| 611 | 0 | 4 |
_aConcilio Vaticano ( _n2º. _d1962-1965) _9122 |
| 650 | 0 | 4 |
_aSacerdotes. _916959 |
| 700 | 0 |
_aDezza, Paolo. _9143974 |
|
| 700 | 0 |
_aMolinari, Paolo. _981975 |
|
| 830 | 0 | 0 |
_aBiblioteca "Razón y Fe" de teología _v14 _9189823 |
| 852 |
_aES-MaACL _jE-13554 _xOlim P-859 |
||
| 999 |
_c175694 _d175694 |
||